Góp phần nghiên cứu Tư tưởng Hồ Chí Minh về bảo vệ tổ quốc xã hội chủ nghĩa

Sách gồm các bài viết của các đồng chí lãnh đạo của Đảng và nhà nước, các tướng lĩnh và các nhà khoa học đã công bố trên sách báo và hội thảo khoa học phục vụ cho việc triển khai thực hiện Nghị quyết 8 của Ban chấp hành Trung ương khoá IX...

Full description

Saved in:
Bibliographic Details
Format: Book
Language:Undetermined
Published: Hà Nội Chính trị Quốc gia 2003
Subjects:
Tags: Add Tag
No Tags, Be the first to tag this record!
Institutions: Trung tâm Học liệu Trường Đại học Cần Thơ
LEADER 01193nam a2200205Ia 4500
001 CTU_110572
008 210402s9999 xx 000 0 und d
020 |c 22000 
082 |a 335.4346 
082 |b G434 
245 0 |a Góp phần nghiên cứu Tư tưởng Hồ Chí Minh về bảo vệ tổ quốc xã hội chủ nghĩa 
245 0 |c Lê Duẫn ... [et al. ] ; Lê Văn Thái, Nguyễn Huy Toàn (Tổ chức bản thảo) 
260 |a Hà Nội 
260 |b Chính trị Quốc gia 
260 |c 2003 
520 |a Sách gồm các bài viết của các đồng chí lãnh đạo của Đảng và nhà nước, các tướng lĩnh và các nhà khoa học đã công bố trên sách báo và hội thảo khoa học phục vụ cho việc triển khai thực hiện Nghị quyết 8 của Ban chấp hành Trung ương khoá IX về chiến lược bảo vệ tổ quốc trong tình hình mới. 
650 |a Communists,Ho Chi Minh ideology 
650 |z Vietnam 
904 |i Giang,Qhieu đã sửa 
980 |a Trung tâm Học liệu Trường Đại học Cần Thơ